| 000 | 01068cam a2200301 i 4500 | ||
|---|---|---|---|
| 001 | 15239530 | ||
| 003 | EG-ScBUE | ||
| 005 | 20250612140350.0 | ||
| 008 | 080329t2008 enka f 001 0 eng d | ||
| 020 | _a9780198566465 (pbk.) | ||
| 035 | _a(OCoLC)ocn181925992 | ||
| 040 |
_aUKM _beng _erda _cUKM _dBAKER _dBTCTA _dYDXCP _dBWKUK _dDLC _dEG-ScBUE |
||
| 082 | 0 | 4 |
_222 _a535 _bKEN |
| 100 | 1 |
_aKenyon, I. R., _eauthor. _911199 |
|
| 245 | 1 | 4 |
_aThe Light Fantastic : _bA Modern Introduction to Classical and Quantum Optics / _cI.R. Kenyon, School pf Physics and Astronomy, University of Birmingham. |
| 264 | 1 |
_aOxford : _bOxford University Press, _c[2008] |
|
| 264 | 4 | _cc2008 | |
| 300 |
_axxi, 630 pages : _billustrations ; _c26 cm |
||
| 336 |
_2rdacontent _atext _btxt |
||
| 337 |
_aunmediated _2rdamedia _bn |
||
| 338 |
_avolume _bnc _2rdacarrier |
||
| 500 | _aIncludes index. | ||
| 650 | 7 |
_aOptics. _2BUEsh _911200 |
|
| 650 | 7 |
_aQuantum optics. _2BUEsh _911201 |
|
| 655 | _vReading book | ||
| 942 |
_2ddc _cBB |
||
| 999 |
_c13344 _d13344 |
||